Hétezer suhángot ültettek el eddig a megyében a fásítási hónap alkalmával

Elmentve itt :
Bibliográfiai részletek
Dokumentumtípus: Cikk
Megjelent: 1959-04-01
Sorozat:Délmagyarország
Kulcsszavak:Fásítás Csongrád megye
Online Access:http://dmarchiv.bibl.u-szeged.hu/54064
LEADER 00452nab a2200145 i 4500
001 delm54064
005 20180927141913.0
008 180927s1959 hu o 0|| hun d
040 |a SZTE Délmagyarország Archívum  |b hun 
041 |a hun 
245 0 0 |a Hétezer suhángot ültettek el eddig a megyében a fásítási hónap alkalmával  |h [elektronikus dokumentum] 
260 |c 1959-04-01 
300 |a 1 
490 0 |a Délmagyarország 
695 |a Fásítás Csongrád megye